Online Catalogue and eLibrary

,Arabiye diyaniyo (Record no. 5595)

MARC details
000 -LEADER
fixed length control field 00374nam a2200157Ia 4500
005 - DATE AND TIME OF LATEST TRANSACTION
control field 20250411022117.0
008 - FIXED-LENGTH DATA ELEMENTS--GENERAL INFORMATION
fixed length control field 240331s9999 xx 000 0 und d
020 ## - INTERNATIONAL STANDARD BOOK NUMBER
ISBN 9558033634
082 ## - DDC Classification
Item Number - Author Mark SAS
Class No. 891
100 ## - MAIN ENTRY--PERSONAL NAME
Personal name Sesan,G.P
245 #0 - TITLE STATEMENT
Title ,Arabiye diyaniyo
260 ## - PUBLICATION, DISTRIBUTION, ETC.
Place of publication, distribution, etc. Dehiwala
Name of publisher, distributor, etc. Vidarshana Publishers
Date of publication, distribution, etc. 2003
300 ## - PHYSICAL DESCRIPTION
Extent (e.g. Volumes, Pages etc.) 215 p .,
650 ## - SUBJECT ADDED ENTRY--TOPICAL TERM
Topical term or geographic name entry element Short Stories
942 ## - Koha item type (Biblio)
Koha item type Books in Stacks (Lending)
Holdings
Lost status Damaged status Collection code Home library Current library Shelving location Date acquired Full call number Accession Number Item type
    Lending WERC Library WERC Library Social Science Cupboard 03/31/2024 891.48 SAS 5467 Books in Stacks (Lending)

© WERC Library